000 00685nam a2200241Ia 4500
003 OSt
005 20221005130117.0
006 a|||||r|||| 00| 0
007 ta
008 221004b |||||||| |||| 00| 0 eng d
024 _a37761
037 _cTextual
040 _aCRL
_cCRL
_beng
041 _2eng
_aeng
082 _aO:2J640cO122:2K39, 122E7
100 _aStendhal Pseud ( i e Henri Beyle)
_9637617
245 0 _aRacine et Shakespeare
260 _c1917
490 _aOxford higher French series
650 _aENGLISH LITERATURE
942 _hO:2J640cO122:2K39, 122E7
_cTEXL
_2cc
999 _c1056137
_d1056137